Szczegóły MARC
| 000 -ETYKIETA REKORDU |
| podpole kontrolne o stałej długości |
01984nam a2200565 i 4500 |
| 001 - NUMER KONTROLNY REKORDU |
| pole kontrolne |
38000 |
| 003 - IDENTYFIKATOR NUMERU KONTROLNEGO REKORDU |
| podpole kontrolne |
KOSZ 005 |
| 005 - DATA OSTATNIEJ MODYFIKACJI REKORDU |
| podpole kontrolne |
20200514094439.0 |
| 008 - POLE O STAŁEJ DŁUGOŚCI - DANE KONTROLNE |
| podpole kontrolne o stałej długości |
001007s1999 pl a f |000 0 pol |
| 015 ## - NUMER BIBLIOGRAFII NARODOWEJ |
| Numer bibliografii narodowej |
UWD 2000/20449 |
| 035 ## - NUMER SYSTEMOWY |
| Numer systemowy przejętego rekordu |
991014856409705066 |
| 035 ## - NUMER SYSTEMOWY |
| Numer systemowy przejętego rekordu |
(PL-WaBN)b13991942-48omnis_nlop |
| 035 ## - NUMER SYSTEMOWY |
| Numer systemowy przejętego rekordu |
b13991942 |
| 035 ## - NUMER SYSTEMOWY |
| Numer systemowy przejętego rekordu |
(OCoLC)749204317 |
| 035 ## - NUMER SYSTEMOWY |
| Numer systemowy przejętego rekordu |
(PL)b0000001399194 |
| 035 ## - NUMER SYSTEMOWY |
| Numer systemowy przejętego rekordu |
(EXLNZ-48OMNIS_NETWORK)9910500458505606 |
| 040 ## - ŹRÓDŁO KATALOGOWANIA |
| Instytucja, która sporządziła opis |
WA N |
| Instytucja, która utworzyła rekord |
WA N |
| Instytucja, która dokonała modyfikacji |
KOSZ 005/HR |
| 041 0# - KOD JĘZYKA |
| Kod języka tekstu |
pol |
| 046 ## - DATY KODOWANE |
| Pojedyncza data lub początek okresu powstania dzieła lub zbioru dzieł |
1999 |
| 080 ## - UNIWERSALNA KLASYFIKACJA DZIESIĘTNA - UKD |
| UKD |
624.01/.07:531 |
| 080 ## - UNIWERSALNA KLASYFIKACJA DZIESIĘTNA - UKD |
| UKD |
691 |
| 080 ## - UNIWERSALNA KLASYFIKACJA DZIESIĘTNA - UKD |
| UKD |
666.65 |
| 080 ## - UNIWERSALNA KLASYFIKACJA DZIESIĘTNA - UKD |
| UKD |
519.86 |
| 100 1# - NAZWA OSOBOWA |
| Nazwa osobowa |
Nikitin, Vadim I. |
| Określenie rodzaju współpracy |
Autor |
| 245 10 - TYTUŁ/ODPOWIEDZIALNOŚĆ |
| Tytuł |
Modelowanie procesów w produkcji i eksploatacji warstwowych konstrukcji budowlanych / |
| Pozostałe elementy strefy tytułu i oznaczenia odpowiedzialności |
Wadim Nikitin, Włodzimierz Guriew, Andrzej Łapko. |
| 260 ## - STREFA ADRESU WYDAWNICZEGO |
| Miejsce wydania |
Białystok : |
| Nazwa wydawcy/dystrybutora |
Dział Wydawnictw i Poligrafii PB, |
| Data publikacji, dystrybucji/powstania dokumentu |
1999. |
| 300 ## - STREFA OPISU FIZYCZNEGO |
| Objętość |
244 s. : |
| Inne cechy fizyczne |
il. ; |
| Rozmiary |
23 cm. |
| 336 ## - TYP ZAWARTOŚCI |
| Termin opisujący typ zawartości |
Tekst |
| Kod określający zawartość |
txt |
| Źródło (terminu i kodu) |
rdacontent |
| 337 ## - TYP MEDIÓW |
| Tryb odtwarzania |
Bez urządzenia pośredniczącego |
| Kod typu mediów |
n |
| Źródło (terminu i kodu) |
rdamedia |
| 338 ## - TYP/RODZAJ NOŚNIKA |
| Hasło opisujące typ nośnika |
Wolumin |
| Kod typu nośnika |
nc |
| Źródło (terminu i kodu) |
rdacarrier |
| 380 ## - FORMA I TYP PUBLIKACJI |
| Forma i typ publikacji |
Książki |
| 380 ## - FORMA I TYP PUBLIKACJI |
| Forma i typ publikacji |
Publikacje naukowe |
| 388 ## - CZAS POWSTANIA |
| Czas powstania |
1901-2000 |
| 388 ## - CZAS POWSTANIA |
| Czas powstania |
1989-2000 |
| 490 1# - STREFA SERII I DOKUMENTU WIELOCZĘŚCIOWEGO - FORMA NIE DO WYSZUKIWANIA |
| Tytuł i oznaczenie odpowiedzialności serii |
Rozprawy Naukowe / Politechnika Białostocka, |
| ISSN |
0867-096X ; |
| Numeracja w obrębie serii |
nr 64 |
| 504 ## - UWAGA DOTYCZĄCA BIBLIOGRAFII |
| Informacje o bibliografii |
Bibliogr. |
| 650 #7 - HASŁO PRZEDMIOTOWE W FORMIE NAZWY OGÓLNEJ LUB JEDNOSTKOWEJ |
| Nazwa ogólna lub geograficzna |
Izolacje cieplne |
| Źródło hasła lub terminu |
DBN |
| 650 #7 - HASŁO PRZEDMIOTOWE W FORMIE NAZWY OGÓLNEJ LUB JEDNOSTKOWEJ |
| Nazwa ogólna lub geograficzna |
Technologia |
| 650 #7 - HASŁO PRZEDMIOTOWE W FORMIE NAZWY OGÓLNEJ LUB JEDNOSTKOWEJ |
| Nazwa ogólna lub geograficzna |
Konstrukcje budowlane |
| Źródło hasła lub terminu |
DBN |
| 650 #7 - HASŁO PRZEDMIOTOWE W FORMIE NAZWY OGÓLNEJ LUB JEDNOSTKOWEJ |
| Nazwa ogólna lub geograficzna |
Modele matematyczne |
| 650 #7 - HASŁO PRZEDMIOTOWE W FORMIE NAZWY OGÓLNEJ LUB JEDNOSTKOWEJ |
| Nazwa ogólna lub geograficzna |
Materiały budowlane |
| Źródło hasła lub terminu |
DBN |
| 658 ## - TERMIN INDEKSOWY - PRZEDMIOT PROGRAMU NAUCZANIA |
| Główny przedmiot programu nauczania |
Architektura i budownictwo |
| 700 1# - HASŁO DODATKOWE - NAZWA OSOBOWA |
| Nazwa osobowa |
Gur'ev, Vladimir V. |
| Określenie związku między hasłem a opisywanym materiałem |
Autor |
| 700 1# - HASŁO DODATKOWE - NAZWA OSOBOWA |
| Nazwa osobowa |
Łapko, Andrzej |
| Daty związane z nazwą |
(1949-2015) |
| Określenie związku między hasłem a opisywanym materiałem |
Autor |
| 710 2# - HASŁO DODATKOWE - NAZWA CIAŁA ZBIOROWEGO |
| Nazwa ciała zbiorowego lub jednostki geograficznej |
Oficyna Wydawnicza Politechniki Białostockiej |
| Kod określenia powiązania |
pbl |
| 830 #0 - HASŁO DODATKOWE SERII LUB DOKUMENTU WIELOCZĘŚCIOWEGO - TYTUŁ UJEDNOLICONY |
| Tytuł ujednolicony |
Rozprawy Naukowe - Politechnika Białostocka |
| Oznaczenie tomu |
nr 64 |
| 856 ## - LOKALIZACJA I DOSTĘP DO ELEKTRONICZNYCH DOKUMENTÓW ZDALNYCH |
| Link (URL) |
http://koha.tu.koszalin.pl/cgi-bin/koha/opac-detail.pl?biblionumber=38000 |
| Tekst linku |
Katalog online BPK |
| 942 ## - DODATKOWE ELEMENTY (KOHA) |
| Schemat klasyfikacji |
Uniwersalna Klasyfikacja Dziesiętna |
| Typ dokumentu |
Książka |